Disceptationes ecclesiasticae una cum resolutionibus seu judicatis sacrarum congregationum in quibus pro una partium scripsit,...

Detalles Bibliográficos
Autor principal: URSAYA, Domingo
Formato: Libro
Publicado: Venecia 1728
Materias:
Colección:Banco de datos
Acervo:Biblioteca del Convento de San Pablo. Yuririahupándaro. Guanajuato
Descripción Física:t. VI
Tema general:Derecho Eclesiástico
Notas:Mala. No identificadas 3 y 4. 2N5, 1.
LEADER 00769nam a22002050004500
035 |a 37930 
036 |a 3571 
100 1 |a URSAYA, Domingo 
245 1 0 |a Disceptationes ecclesiasticae una cum resolutionibus seu judicatis sacrarum congregationum in quibus pro una partium scripsit,... 
260 |a Venecia  |b Tip. Balleoniana imp.  |c 1728 
300 |a t. VI 
500 |a Mala. No identificadas 3 y 4. 2N5, 1. 
650 1 0 |a Derecho Eclesiástico 
949 |a CRG-CY 
959 |a Ex convento de San Pablo, Museo Regional de Yuririahpúndaro, Guanajuato  |b CCC9 
960 |a Convento San Pablo Yuririahpúndaro, Guanajuato  |b DD86 
961 |a Agustina  |b OA 
942 |c CRG-CY 
943 |g Biblioteca del Convento de San Pablo. Yuririahupándaro. Guanajuato 
999 |c 958596  |d 958596